Statistics for The Vampire Diaries - Last Names

Click here to take the quiz!

General Stats

  • This quiz has been taken 2,813 times
  • The average score is 11 of 15

Answer Stats

Hint Answer % Correct
ElenaGilbert
98%
StefanSalvatore
97%
CarolineForbes
91%
BonnieBennett
83%
TylerLockwood
82%
MattDonovan
78%
AlaricSaltzman
75%
KaterinaPetrova
74%
NiklausMikaelson
62%
JennaSommers
34%
HayleyMarshall
29%
LexiBranson
19%

Score Distribution

Percentile by Number Answered

Percent of People with Each Score

Your Score History

You have not taken this quiz